Biblia pre mladých

Bibliographic Details
Main Author: Christie-Murray, David (Author)
Other Authors: Jaurová, Miroslava (Translator), Wheatcroft, Andrew (Illustrator)
Format: Book
Language:Slovak
PhysicalDescription:319 s. fareb. ilustr. 27 cm
Published: Bratislava Mladé letá 1998
ISBN:800600918X
Subjects:

MARC

LEADER 00000nam a2200000 a 4500
001 vtls001358257
003 SK-MaSNL
005 20260301010600.0
008 240314s1998 xo a r slo
015 |a SNBA1999/06-01965 
020 |a 800600918X 
035 |a SNK000311777 
035 |a urn:nbn:sk:snk-amyhp4 
035 |a urn:nbn:sk:snk-am00cl69 
035 |a 36B5FEAE-6055-4ECD-9F04-AEF6A30CE47B 
040 |a SNK  |b slo  |c SNK  |e AACR2 
041 0 |a slo 
044 |a xo  |c SK 
080 |a 22(087.5)  |2 1981 
100 1 |a Christie-Murray, David  |4 aut  |9 44480 
240 1 4 |a The children's Bible  |l Slovensky 
245 1 0 |a Biblia pre mladých  |c David Christie-Murray ; ilustroval Andrew Wheatcroft ; [preložila Miroslava Jaurová] 
260 |a Bratislava  |b Mladé letá  |c 1998 
300 |a 319 s.  |b fareb. ilustr.  |c 27 cm 
500 |a Slov. text vychádza zo Svätého písma Starého i Nového zákona, Spolok sv. Vojtech, Trnava 1996 
500 |a Fareb. ilustr. na front. 
500 |a Údaj o prekl. prevzatý z rubu tit. strany 
630 0 7 |a Biblia  |2 SNK  |9 17043 
655 7 |a publikácie pre deti  |2 SNK  |9 70148 
700 1 |a Jaurová, Miroslava  |4 trl  |9 213237 
700 1 |a Wheatcroft, Andrew  |4 ill  |9 292619 
919 |a 80-06-00918-X 
958 |a TL 
958 |a OP 
958 |a NS 
958 |a GB 
958 |a NT 
968 |b ENG 
999 |c 548549  |d 550479 
952 |t P60, <03>, [BOOK], {603}  |a SNK  |b SNK  |y PREZ  |7 0  |p 17A0185199  |o snkSB 59960  |i snkKSP 3009/99  |0 0  |1 0  |4 0  |d 1999-03-22  |f 1  |l 0  |r 2025-04-09 00:00:00  |w 2026-02-23 
952 |t P60, <04>, [BOOK], {604}  |a SNK  |b SNK  |y VYP  |7 0  |p 17A0185200  |o snkSB 59960 D1  |i snkKSP 3010/99  |0 0  |1 0  |4 0  |d 1999-03-22  |l 0  |r 2005-01-02 00:00:00  |w 2026-02-23